Vista normal Vista MARC

Entrada Materia (personas)

Número de registros utilizados en: 1

001 - CONTROL NUMBER

  • control field: 165610

003 - CONTROL NUMBER IDENTIFIER

  • control field: Co-BoUCM

005 - DATE AND TIME OF LATEST TRANSACTION

  • control field: 20211111081000.0

008 - FIXED-LENGTH DATA ELEMENTS

  • fixed length control field: 211111|| aca||aabn | a|a d

040 ## - CATALOGING SOURCE

  • Original cataloging agency: Co-BoUCM
  • Transcribing agency: Co-BoUCM

100 ## - HEADING--PERSONAL NAME

  • Personal name: Lagi, Sara

670 ## - SOURCE DATA FOUND

  • Source citation: Work cat.: (Co-BoUCM)62823: Lagi, Sara, El pensamiento político de Hans Kelsen (1911-1920) los orígenes de la esencia y valor de la democracia, 2007